000 00948nam a2200217Ia 4500
001 248.3-PIC ma sf (11218)
003 IT-MiSPE
008 171229s9999||||xx |||||||||||||| ||und||
040 _aIT-MiSPE
_cIT-MiSPE
041 _aITALIANO
100 _aMario Picchi
245 0 _aLa sfida del vangelo
250 _a1a ed. (v)
260 _aCinisello B. mo
_bSan Paolo
_c1994
300 _a124 p.
_c20 cm
490 _aFelici di vivere
_v26
501 _aEdizioni San Paolo srl - Piazza Soncino, 5 - 20092 CINISELLO BALSAMO (MI) (non commercial uses only) ® Copyright 2018
942 _cBK
957 _71
999 _a11926
_bNO
_g Copie: 1
_c342945
_d342945